000 00659nam a22001937a 4500
999 _c185118
_d185118
005 20220128115120.0
010 _aUR-11411
020 _c400.00
_a9789390100941
035 _aU-9966
037 _bDBAD/PUB
_adpl
082 _a841
100 _aشفيق سو پو ر ی
245 _aلفظ عر و ض ا و ر شا عر ی
_cشفيق سو پو ر ی
246 _b‏Lafz Urooz Aur Shairi (Urdu)
_aby Shafaq Sopori
260 _aDelhi
_bEducational Publishing House
_c2020 ء
270 _a3191,Vakil Street,Kucha Pandit,Lal Kuan,
_bDelhi
_e110006
_k23216162
_l-
300 _a176 ص
_c22 Cm(Hb)
942 _2ddc
_cUR
_h841
_mش ف ق